Inner Asia.

محفوظ في:

التنسيق: دورية

اللغة: Undetermined

الموضوعات:

الوصول للمادة أونلاين: Login to view Source

الوسوم: إضافة وسم

لا توجد وسوم, كن أول من يضع وسما على هذه التسجيلة!

رقم الطلب:

LEADER 00523nms a2200193Ia 4500
003 OSt
005 20240402053214.0
008 240131s9999||||xx |||||||||||||||||und||
999 |c 56418  |d 56418 
022 |a 1464-8172 
022 |a 2210-5018 
245 0 0 |a Inner Asia. 
336 |2 rdacontent  |a text  |b txt 
337 |2 rdamedia  |a unmediated  |b n 
338 |2 rdacarrier  |a volume  |b n 
500 |a BRILLBRILLJ 
650 4 |a Society & culture: general. 
856 |z INAS  |u https://brill.com/view/journals/inas/inas-overview.xml 
942 |2 lcc  |c EJL